| 000 | 00553nam a2200181 a 4500 | ||
|---|---|---|---|
| 005 | 20210219151754.0 | ||
| 008 | 991125s1986 mx 000 0 spa u | ||
| 035 | _aUPN01000040747 | ||
| 049 | _aAV | ||
| 099 | _aPVI no.28 | ||
| 245 | 0 | 0 |
_aNació el cohete espacial [videograbación] / _cprod. Eduardo Ortíz ; dir. Tito Díaz |
| 260 |
_aMéxico : _bSEP, Dirección General de Publicaciones y Medios$bUTEC, _c1986 |
||
| 300 | _a1 cassete (Beta) (27 min. | ||
| 650 | 4 | _aSATELITES | |
| 650 | 4 | _aVUELO ESPACIAL | |
| 904 |
_aAC _b040749 |
||
| 905 | _aLibro | ||
| 999 |
_c40747 _d40747 |
||